| 000 | 00797nam a2200193 a 4500 | ||
|---|---|---|---|
| 003 | 0 | ||
| 005 | 20250618103131.0 | ||
| 008 | 021128s19uu xx 00 eng d | ||
| 050 |
_aPHS HE 5623 _b.J37 2000 |
||
| 100 | _aJarobilla, Marvin Gutierrez. | ||
| 245 |
_aPerceptions of Southville International School high school students on the observation of the basic traffic rules / _cMarvin Gutierrez Jarobilla. |
||
| 260 |
_aLas PiƱas City, Philippines : _bSouthville International School and Colleges, _c2000. |
||
| 300 |
_a21 pages : _billustrations ; _c28 cm. |
||
| 504 | _aIncludes bibliographical references. | ||
| 650 |
_aTraffic regulations _zPhilippines _xPublic opinion. |
||
| 650 |
_aTraffic safety education _zPhilippines. |
||
| 650 |
_aStudent attitudes _zPhilippines. |
||
| 942 |
_2lcc _cPASS |
||
| 999 |
_c96401 _d96401 |
||